| 000 | 00920nam a2200193 i 4500 | ||
|---|---|---|---|
| 001 | 20011 | ||
| 003 | ES-MaACL | ||
| 005 | 20240523094118.0 | ||
| 007 | t| | ||
| 008 | 021108s1874 sp |||| | spa d | ||
| 100 | 1 |
_aWines, Enoch Cobb ( _d1806-1879) _9117073 |
|
| 245 | 1 | 0 |
_aCuestiones penitenciarias _b: un nuevo congreso / _cdiscurso pronunciado por E.C. Wines, presidente de la Comisión Internacional Penitenciaria, en la apertura de sus sesiones en Bruselas el 25 de junio de 1874 ; y artículo sobre el mismo asunto por Pedro Armengol y Cornet, publicados ambos en la Defensa de la Sociedad. |
| 260 |
_aMadrid : _b[s.n.], _c1874 ( _fImp. Fundición y Estereotipia de Juan Aguado) |
||
| 300 |
_a14 p. ; _c22 cm. |
||
| 650 | 0 | 4 |
_aEstablecimientos penitenciarios- _vCongresos y asambleas. _9163123 |
| 700 | 1 |
_aArmengol y Cornet, Pedro, _d1837-1896 _922949 |
|
| 852 |
_aES-MaACL _jT-171-F-7 |
||
| 999 |
_c20011 _d20011 |
||